Каныш Имантаевич Сатпаев и город Томск; Известия Томского политехнического университета [Известия ТПУ]; Т. 308, № 4

Dettagli Bibliografici
Parent link:Известия Томского политехнического университета [Известия ТПУ]/ Томский политехнический университет (ТПУ).— , 2000-
Т. 308, № 4.— 2005.— [С. 243-248]
Autore principale: Рахимов Е. К.
Riassunto:Заглавие с титульного листа
Электронная версия печатной публикации
Приведены страницы жизни выдающегося казахского ученого академика Каныша Имантаевича Сатпаева, который учился в Томском технологическом институте в 1921-1926 гг.
Lingua:russo
Pubblicazione: 2005
Serie:Страницы истории ТПУ
Soggetti:
Accesso online:http://www.lib.tpu.ru/fulltext/v/Bulletin_TPU/2005/v308/i4/55.pdf
Natura: MixedMaterials Elettronico Capitolo di libro
KOHA link:https://koha.lib.tpu.ru/cgi-bin/koha/opac-detail.pl?biblionumber=170646

MARC

LEADER 00000nla2a2200000 4500
001 170646
005 20231031163736.0
035 |a (RuTPU)RU\TPU\book\185051 
035 |a RU\TPU\book\185050 
090 |a 170646 
100 |a 20091124d2005 k y0rusy50 ca 
101 0 |a rus 
102 |a RU 
135 |a drnn ---uucaa 
181 0 |a i  
182 0 |a b 
200 1 |a Каныш Имантаевич Сатпаев и город Томск  |b Электронный ресурс  |f Е. К. Рахимов 
203 |a Текст  |c электронный 
215 |a 1 файл (550 Кб) 
225 1 |a Страницы истории ТПУ 
230 |a Электронные текстовые данные (1 файл : 550 Кб) 
300 |a Заглавие с титульного листа 
300 |a Электронная версия печатной публикации 
320 |a [Библиогр.: с. 248 (8 назв.)] 
330 |a Приведены страницы жизни выдающегося казахского ученого академика Каныша Имантаевича Сатпаева, который учился в Томском технологическом институте в 1921-1926 гг. 
337 |a Adobe Reader 
461 1 |0 (RuTPU)RU\TPU\book\176237  |t Известия Томского политехнического университета [Известия ТПУ]  |f Томский политехнический университет (ТПУ)  |d 2000- 
463 1 |0 (RuTPU)RU\TPU\book\184960  |t Т. 308, № 4  |v [С. 243-248]  |d 2005  |p 254 с. 
600 1 |a Сатпаев  |b К. И.  |c казахский геолог  |c академик АН СССР  |f 1899-1964  |g Каныш Имантаевич  |c Выпускник Томского технологического института  |y Томск  |2 stltpush  |3 (RuTPU)RU\TPU\pers\12526 
610 1 |a труды учёных ТПУ 
610 1 |a электронный ресурс 
700 1 |a Рахимов  |b Е. К. 
801 1 |a RU  |b 63413507  |c 20090623  |g PSBO 
801 2 |a RU  |b 63413507  |c 20211012  |g PSBO 
856 4 |u http://www.lib.tpu.ru/fulltext/v/Bulletin_TPU/2005/v308/i4/55.pdf 
942 |c CF